00235nam a2200097Ia 4500100003200000245003700032260003100069082001700100300000800117546001200125 aWodaski R/ Brown-Wodaski D  aVirtual reality madness & more bSAMSaIndiana polisc1994 a5.43bWOD/BR a910 aENGLISH